书目信息 |
| 题名: |
发电厂电气部分
|
|
| 作者: | 熊信银 主编 ;刘继春 , 李永刚 , 律方成 编写 | |
| 分册: | ||
| 出版信息: | 北京 中国电力出版社 2009.07 |
|
| 页数: | 365页 | |
| 开本: | 26cm | |
| 丛书名: | ||
| 单 册: | ||
| 中图分类: | TM62 | |
| 科图分类: | ||
| 主题词: | 发电厂 , 电厂电气系统--高等教育--教材 , 电厂电气系统 , 发电厂--电气设备--高等教育--教材 , 电气设备 | |
| 电子资源: | ||
| ISBN: | 978-7-5083-8830-4 | |
| 000 | 01279nam0 2200349 450 | |
| 001 | 1147509774 | |
| 005 | 20111215131223.34 | |
| 010 | @a978-7-5083-8830-4@dCNY33.00 | |
| 090 | @aTM62@bxxy | |
| 096 | @aTM62@bxxy | |
| 100 | @a20090805d2009 em y0chiy50 ea | |
| 101 | 0 | @achi |
| 102 | @aCN@b110000 | |
| 105 | @aa z 000yy | |
| 200 | 1 | @a发电厂电气部分@b专著@9fa dian chang dian qi bu fen@f熊信银主编@g律方成,李永刚,刘继春编写 |
| 205 | @a4版 | |
| 210 | @a北京@c中国电力出版社@d2009.07 | |
| 215 | @a365页@c图@d26cm | |
| 300 | @a普通高等教育“十一五”国家级规划教材 | |
| 330 | @a本书内容包括:能源和发电,发电、变电和输电的电气部分,常用计算的基本理论和方法,电气主接线及设计,厂用电接线及设计,导体和电气设备的原理与选择,配电装置,发电厂和变电站的控制与信号,同步发电机的运行及电力变压器的运行等。 | |
| 606 | 0 | @a发电厂 |
| 606 | 0 | @a电厂电气系统@x高等教育@j教材 |
| 606 | 0 | @a电厂电气系统 |
| 606 | 0 | @a发电厂@x电气设备@x高等教育@j教材 |
| 606 | 0 | @a电气设备 |
| 690 | @aTM62@v4 | |
| 701 | 0 | @a熊信银@f(1945~)@4主编@9xiong xin yin |
| 702 | 0 | @a刘继春@c(电力工业)@9liu ji chun@4编写 |
| 702 | 0 | @a李永刚@f(1967~)@9li yong gang@4编写 |
| 702 | 0 | @a律方成@f(1963~)@9lv fang cheng@4编写 |
| 801 | 0 | @aCN@b110017@c20090817 |
| 905 | @aZUCC@dTM62@eX649=2 | |
| 发电厂电气部分/熊信银主编/律方成,李永刚,刘继春编写.-4版.-北京:中国电力出版社,2009.07 |
| 365页:图;26cm |
| 普通高等教育“十一五”国家级规划教材 |
| ISBN 978-7-5083-8830-4:CNY33.00 |
| 本书内容包括:能源和发电,发电、变电和输电的电气部分,常用计算的基本理论和方法,电气主接线及设计,厂用电接线及设计,导体和电气设备的原理与选择,配电装置,发电厂和变电站的控制与信号,同步发电机的运行及电力变压器的运行等。 |
| ● |
| 相关链接 |
|
|
|
正题名:发电厂电气部分
索取号:TM62/X649=2
 
预约/预借
| 序号 | 登录号 | 条形码 | 馆藏地/架位号 | 状态 | 备注 |
| 1 | 471396 | 204713961 | 期刊室512/301自科库 10排2列5层/ [索取号:TM62/X649=2] | 在馆 |